000 00539nam a22002057a 4500
001 21540
005 20260312083013.0
008 260312b |||||||| |||| 00| 0 spa d
041 _aESP
082 _aINF 150
_bV67
100 _aVillegas Comesaña, Carmen Alexandra
245 _aInforme final de practicas pre-profesionales área de psicología organizacional
260 _a :
_b ,
300 _a249 páginas ;
_b ;
_c30 cm.
_e2011
440 _a ;
650 _aGEN
654 _aCPS
700 _a;
942 _cLIB
_dJUS
_fJUS
_2ddc
999 _c21540
_d21540